Formovanie spotrebiteľského správania obyvateľstva v SR v období krízy
Analýza spotrebiteľského správania obyvateľstva v Slovenskej republike. Vývoj základných makroekonomických ukazovateľov (2005-2010). Analýza konečnej spotreby domácností. Štruktúra bežných príjmov domácností. Štruktúra konečnej spotreby domácností SR a EÚ 27 v roku 2011. Štruktúra spotrebných výdavk...
Salvato in:
| Autore principale: | |
|---|---|
| Altri autori: | |
| Natura: | Capitolo di libro |
| Lingua: | slovacco |
| Soggetti: | |
| Tags: |
Nessun Tag, puoi essere il primo ad aggiungerne!!
|
MARC
| LEADER | 00000naa$a2200000$$$4500 | ||
|---|---|---|---|
| 001 | 0178071 | ||
| 005 | 20240502073028.6 | ||
| 041 | 0 | |a slo | |
| 044 | |a SK | ||
| 245 | 1 | 0 | |a Formovanie spotrebiteľského správania obyvateľstva v SR v období krízy |c Jozef Kubala, Dávid Martinák |
| 520 | |a Analýza spotrebiteľského správania obyvateľstva v Slovenskej republike. Vývoj základných makroekonomických ukazovateľov (2005-2010). Analýza konečnej spotreby domácností. Štruktúra bežných príjmov domácností. Štruktúra konečnej spotreby domácností SR a EÚ 27 v roku 2011. Štruktúra spotrebných výdavkov domácností podľa účelu použitia. | ||
| 610 | 2 | 0 | |a spotrebitelia |
| 610 | 2 | 0 | |a správanie spotrebiteľa |
| 610 | 2 | 0 | |a spotreba |
| 610 | 2 | 0 | |a príjmy |
| 610 | 2 | 0 | |a výdavky |
| 610 | 2 | 0 | |a analýzy |
| 610 | 2 | 0 | |a štatistika |
| 610 | 2 | 0 | |a Slovensko |
| 610 | 2 | 0 | |a Európska únia |
| 100 | 1 | |a Kubala, Jozef | |
| 700 | 1 | |a Martinák, Dávid | |